[Event "Managua Gomez Argenal Memorial"]
[Site "Managua"]
[Date "2021.06.06"]
[Round "4"]
[White "Escobar, Edgar Antonio"]
[Black "Moncada, Orlando Jose"]
[Result "0-1"]
[WhiteElo "1977"]
[BlackElo "1507"]
[PlyCount "120"]
[EventDate "2021.05.29"]
[EventType "swiss"]
[EventRounds "9"]
[EventCountry "NCA"]
[SourceTitle "EXT 2022"]
[Source "ChessBase"]
[SourceDate "2021.10.06"]
[SourceVersion "1"]
[SourceVersionDate "2021.10.06"]
[SourceQuality "1"]

1. f3 d5 2. Kf2 e5 3. e3 c5 4. Bb5+ Nc6 5. d4 cxd4 6. exd4 Bd7 7. Ne2 exd4 8. Re1 Be7 9. Bxc6 bxc6 10. Nxd4 Nf6 11. Nc3 0-0 12. Nb3 Bd6 13. g3 Qc7 14. Be3 Nh5 15. f4 Nf6 16. Kg2 Rfe8 17. Qd4 Re7 18. Nc5 Rae8 19. Bf2 Ng4 20. b4 Bf5 21. Nd3 Nf6 22. Rxe7 Rxe7 23. Re1 Rxe1 24. Nxe1 Ne4 25. Nxe4 Bxe4+ 26. Kg1 Qd7 27. a3 a6 28. Qb6 Qc8 29. c3 Be7 30. Ng2 h6 31. Ne3 Bf6 32. Qc5 g5 33. f5 Qe8 34. Ng4 Bg7 35. f6 Bf8 36. Qa7 Bf5 37. Ne3 Bh3 38. Qd4 Bd6 39. Qd3 Be5 40. c4 d4 41. Nf5 Bxf5 42. Qxf5 Qe6 43. Qd3 Qxf6 44. c5 Qd8 45. Kf1 Qd5 46. Ke2 Kg7 47. h4 Bf6 48. Be1 gxh4 49. gxh4 Qg2+ 50. Kd1 Qg4+ 51. Kc1 Bxh4 52. Bxh4 Qxh4 53. Qxa6 Qe1+ 54. Kb2 Qc3+ 55. Kb1 d3 56. Qc8 Qb3+ 57. Ka1 Qxa3+ 58. Kb1 Qxb4+ 59. Ka1 d2 60. Ka2 Qa4+ 0-1

[Event "Managua Hurtado Memorial 20th"]
[Site "Managua"]
[Date "2020.12.29"]
[Round "6"]
[White "Rocha Mendoza, Axel Farid"]
[Black "Escobar, Edgar Antonio"]
[Result "0-1"]
[WhiteElo "1760"]
[BlackElo "1946"]
[PlyCount "66"]
[EventDate "2020.12.26"]
[EventType "swiss"]
[EventRounds "9"]
[EventCountry "NCA"]
[SourceTitle "CBM 200 Extra"]
[Source "ChessBase"]
[SourceDate "2021.03.31"]
[SourceVersion "1"]
[SourceVersionDate "2021.03.31"]
[SourceQuality "1"]

1. f4 d5 2. Nf3 Nf6 3. e3 g6 4. Be2 Bg7 5. d3 0-0 6. 0-0 c5 7. Qe1 Nc6 8. c3 Qc7 9. h3 e5 10. fxe5 Nxe5 11. Nbd2 Nxf3+ 12. Bxf3 b6 13. e4 Re8 14. Qh4 Bb7 15. exd5 Nxd5 16. Ne4 f5 17. Ng5 Bf6 18. Qc4 Rad8 19. Bf4 Qd7 20. Rae1 Kg7 21. Rxe8 Rxe8 22. h4 b5 23. Qxc5 Nxf4 24. Qxa7 Bc6 25. Qb6 Bxf3 26. Nxf3 Re2 27. h5 Rxg2+ 28. Kh1 Rxb2 29. h6+ Kxh6 30. Qxf6 Nxd3 31. Ng5 Qd5+ 32. Rf3 Nf2+ 33. Kh2 Ng4+ 0-1

[Event "Managua Hurtado Memorial 20th"]
[Site "Managua"]
[Date "2020.12.26"]
[Round "1"]
[White "Martinez Gutierrez, Camila Renata"]
[Black "Escobar, Edgar Antonio"]
[Result "0-1"]
[WhiteElo "1247"]
[BlackElo "1946"]
[PlyCount "108"]
[EventDate "2020.12.26"]
[EventType "swiss"]
[EventRounds "9"]
[EventCountry "NCA"]
[SourceTitle "CBM 200 Extra"]
[Source "ChessBase"]
[SourceDate "2021.03.31"]
[SourceVersion "1"]
[SourceVersionDate "2021.03.31"]
[SourceQuality "1"]

1. e4 c5 2. Nf3 d6 3. d4 cxd4 4. c3 Nf6 5. e5 dxe5 6. Nxe5 Nc6 7. Nf3 dxc3 8. Qxd8+ Nxd8 9. Nxc3 a6 10. Bg5 Nc6 11. Bxf6 exf6 12. Bc4 Bb4 13. 0-0 Bxc3 14. bxc3 0-0 15. Rfe1 Bg4 16. Nd4 Nxd4 17. cxd4 Rfe8 18. f3 Be6 19. d5 Bd7 20. d6 Bc6 21. Re7 Rxe7 22. dxe7 Re8 23. Re1 g6 24. Kf2 f5 25. g4 fxg4 26. fxg4 g5 27. Kg3 Kg7 28. h4 h6 29. hxg5 hxg5 30. Re5 f6 31. Re6 Bd7 32. Re1 f5 33. gxf5 Bxf5 34. Bd5 Bc8 35. Rc1 Kf6 36. Rc7 a5 37. Bc4 Bf5 38. Rxb7 Rxe7 39. Rb8 Re3+ 40. Kf2 Rc3 41. Bb3 Rc5 42. Rb7 Ke5 43. Re7+ Kf4 44. Rf7 Re5 45. Rf8 g4 46. Bc4 g3+ 47. Kg2 a4 48. Bd3 Rd5 49. Rxf5+ Rxf5 50. Bxf5 Kxf5 51. Kxg3 Ke4 52. Kf2 Kd3 53. Ke1 Kc2 54. Ke2 a3 0-1

[Event "NCA-chT Final"]
[Site "Managua"]
[Date "2020.11.07"]
[Round "11.1"]
[White "Escobar, Edgar Antonio"]
[Black "Alfaro Caracas, William"]
[Result "0-1"]
[WhiteElo "1868"]
[BlackElo "2135"]
[PlyCount "66"]
[EventDate "2020.10.24"]
[EventType "team-tourn"]
[EventRounds "11"]
[EventCountry "NCA"]
[SourceTitle "EXT 2022"]
[Source "ChessBase"]
[SourceDate "2021.10.06"]
[SourceVersion "1"]
[SourceVersionDate "2021.10.06"]
[SourceQuality "1"]

1. d4 Nf6 2. c4 c5 3. d5 b5 4. cxb5 a6 5. bxa6 g6 6. Nc3 Bxa6 7. Nf3 d6 8. e4 Bxf1 9. Kxf1 Nbd7 10. h3 Bg7 11. g3 0-0 12. Kg2 Qa5 13. Qc2 Rfb8 14. Rb1 Qa6 15. a3 Ne8 16. Bg5 Nc7 17. h4 h6 18. Be3 h5 19. Ng5 Ne5 20. Bf4 Qd3 21. Qc1 Qc4 22. Bxe5 Bxe5 23. Qe3 Ne8 24. Qf3 Nf6 25. Nd1 Rb3 26. Ne3 Qb5 27. Qd1 Rxb2 28. a4 Qb4 29. Rxb2 Qxb2 30. Nc4 Qd4 31. Nxe5 dxe5 32. Qb3 Rxa4 33. Rd1 Qb4 0-1

[Event "NCA-chT Final"]
[Site "Managua"]
[Date "2020.10.31"]
[Round "5.1"]
[White "Escobar, Edgar Antonio"]
[Black "Granados Ortiz, Fidel"]
[Result "0-1"]
[WhiteElo "1868"]
[BlackElo "2013"]
[PlyCount "118"]
[EventDate "2020.10.24"]
[EventType "team-tourn"]
[EventRounds "11"]
[EventCountry "NCA"]
[SourceTitle "EXT 2022"]
[Source "ChessBase"]
[SourceDate "2021.10.06"]
[SourceVersion "1"]
[SourceVersionDate "2021.10.06"]
[SourceQuality "1"]

1. d4 Nf6 2. c4 c6 3. Nc3 d5 4. Nf3 dxc4 5. a4 Bf5 6. Bg5 Nbd7 7. e3 Qa5 8. Bxc4 e6 9. 0-0 Bb4 10. Rc1 0-0 11. h3 Ne4 12. Nxe4 Bxe4 13. Bf4 Bxf3 14. gxf3 Qh5 15. Kh2 e5 16. Bg3 Rad8 17. Be2 Qf5 18. Qb3 a5 19. Rcd1 exd4 20. Rxd4 Nc5 21. Qc4 Rxd4 22. Qxd4 Nxa4 23. Bd3 Qc5 24. Qh4 g6 25. b3 Nb6 26. f4 Qe7 27. Qh6 Bc3 28. f5 Bg7 29. Qf4 Nd5 30. Qc4 Be5 31. fxg6 hxg6 32. Rg1 Kg7 33. f4 Nxe3 34. Qe4 Bf6 35. Qf3 Rh8 36. Re1 Bd4 37. Bf2 Re8 38. f5 g5 39. Bxe3 Qe5+ 40. Kg2 Bxe3 41. f6+ Kg8 42. Bc4 Qf4 43. Bxf7+ Kxf7 44. Qh5+ Kf8 45. Qh8+ Kf7 46. Qh7+ Kf8 47. Qh8+ Kf7 48. Qh7+ Ke6 49. Rf1 Qe5 50. Qg6 Qd5+ 51. Kh2 Rf8 52. f7+ Kd7 53. Qg7 Qd6+ 54. Kg2 Bd4 55. Qxg5 Qd5+ 56. Qxd5+ cxd5 57. Rd1 Bc5 58. Rxd5+ Kc6 59. Rf5 b6 0-1

[Event "NCA-chT Final"]
[Site "Managua"]
[Date "2020.10.24"]
[Round "1.1"]
[White "Escobar, Edgar Antonio"]
[Black "Espinoza Solano, Jose Nahum"]
[Result "0-1"]
[WhiteElo "1868"]
[BlackElo "2098"]
[PlyCount "102"]
[EventDate "2020.10.24"]
[EventType "team-tourn"]
[EventRounds "11"]
[EventCountry "NCA"]
[SourceTitle "EXT 2022"]
[Source "ChessBase"]
[SourceDate "2021.10.06"]
[SourceVersion "1"]
[SourceVersionDate "2021.10.06"]
[SourceQuality "1"]

1. d4 Nf6 2. c4 d6 3. Nc3 g6 4. e4 Bg7 5. Nf3 0-0 6. Be2 e5 7. d5 a5 8. Bg5 h6 9. Be3 Na6 10. Nd2 Nd7 11. 0-0 f5 12. f3 Nac5 13. b3 Nf6 14. a3 fxe4 15. fxe4 Bd7 16. b4 axb4 17. axb4 Rxa1 18. Qxa1 Na6 19. c5 Nb8 20. Nc4 Ng4 21. Bxg4 Bxg4 22. Rxf8+ Bxf8 23. Qa8 Nc6 24. Qxd8 Nxd8 25. Nb5 dxc5 26. bxc5 Be2 27. d6 cxd6 28. Nbxd6 Bxd6 29. Nxd6 h5 30. Kf2 Ba6 31. Ke1 Nf7 32. Nc8 Bd3 33. Ne7+ Kg7 34. g3 Bxe4 35. h4 Kf6 36. Nc8 Ke6 37. Nb6 Nd8 38. Kd2 Nc6 39. Kc3 Kf5 40. Nc4 Kg4 41. Nd6 Bd5 42. Nxb7 Kxg3 43. Bg5 e4 44. Nd6 Kf3 45. Nc4 Bxc4 46. Kxc4 e3 47. Kd5 Nb8 48. Ke6 e2 49. Bd2 Kg4 50. Be1 g5 51. hxg5 Kxg5 0-1

[Event "NCA-chT 1st Stage"]
[Site "Managua"]
[Date "2020.10.04"]
[Round "4.9"]
[White "Escobar, Edgar Antonio"]
[Black "Lopez, Manuel2222"]
[Result "1-0"]
[WhiteElo "1868"]
[BlackElo "1440"]
[PlyCount "71"]
[EventDate "2020.10.03"]
[EventType "team-swiss"]
[EventRounds "9"]
[EventCountry "NCA"]
[SourceTitle "EXT 2022"]
[Source "ChessBase"]
[SourceDate "2021.10.06"]
[SourceVersion "1"]
[SourceVersionDate "2021.10.06"]
[SourceQuality "1"]

1. d4 Nf6 2. c4 e6 3. Nf3 d5 4. Nc3 Bb4 5. Bg5 c5 6. e3 Qa5 7. Bxf6 Bxc3+ 8. bxc3 gxf6 9. cxd5 exd5 10. Qd2 Nc6 11. Be2 Rg8 12. 0-0 Bh3 13. Nh4 0-0-0 14. Kh1 Be6 15. Rab1 Rg5 16. Rb5 Qc7 17. Rxc5 Bg4 18. c4 Bxe2 19. Qxe2 dxc4 20. Rxc4 h5 21. Rfc1 Kb8 22. Qf3 Qd6 23. Nf5 Qd7 24. Ng3 Qe6 25. Ne4 Rf5 26. Qg3+ Ka8 27. Nc5 Qd6 28. f4 Na5 29. R4c3 Qd5 30. e4 Qxd4 31. exf5 h4 32. Qe3 Qb4 33. h3 Qb5 34. Qe4 Re8 35. Ne6 Kb8 36. Qd4 1-0

[Event "NCA-ch Fiestas Patrias op"]
[Site "Managua"]
[Date "2020.08.30"]
[Round "2"]
[White "Granados Ortiz, Fidel"]
[Black "Escobar, Edgar Antonio"]
[Result "1-0"]
[WhiteElo "1985"]
[BlackElo "1841"]
[PlyCount "127"]
[EventDate "2020.08.29"]
[EventType "swiss"]
[EventRounds "9"]
[EventCountry "NCA"]
[SourceTitle "EXT 2022"]
[Source "ChessBase"]
[SourceDate "2021.10.06"]
[SourceVersion "1"]
[SourceVersionDate "2021.10.06"]
[SourceQuality "1"]

1. e4 e5 2. Nf3 Nf6 3. Nxe5 d6 4. Nf3 Nxe4 5. Nc3 Nxc3 6. dxc3 Be7 7. Be3 Nc6 8. Qd2 Be6 9. Bb5 a6 10. Be2 Qd7 11. Nd4 Nxd4 12. cxd4 Bf6 13. Bg5 Qe7 14. Bxf6 Qxf6 15. 0-0 0-0 16. Bf3 Bf5 17. Rfe1 h6 18. Re3 Rfe8 19. Bxb7 Rxe3 20. Bxa8 Re8 21. Bc6 Rb8 22. c3 Qe6 23. Bf3 a5 24. d5 Qe5 25. Re1 Qf6 26. Be4 a4 27. Bxf5 Qxf5 28. h3 Rb5 29. c4 Rb7 30. Qc3 Qf6 31. Qxf6 gxf6 32. Re2 Rb4 33. Rc2 Kg7 34. Kf1 Kg6 35. Ke2 Kf5 36. Kd3 Rb8 37. Re2 Kf4 38. Re4+ Kf5 39. Re2 Kf4 40. Kd4 f5 41. Kc3 Rg8 42. g3+ Kf3 43. Rc2 Rb8 44. b4 axb3 45. axb3 h5 46. b4 f4 47. gxf4 f5 48. c5 Kxf4 49. Kc4 Kf3 50. b5 f4 51. Ra2 Kg2 52. Ra7 Rc8 53. Rxc7 Rxc7 54. c6 Kxf2 55. b6 Re7 56. b7 Re4+ 57. Kb5 Rd4 58. c7 Rxd5+ 59. Kc6 Rc5+ 60. Kxd6 Rxc7 61. Kxc7 Kg2 62. b8Q f3 63. Qg8+ Kh2 64. Qf7 1-0

[Event "Managua Ramirez de Arellano Memorial"]
[Site "Managua"]
[Date "2020.07.26"]
[Round "8"]
[White "Granados Lopez, Fidel"]
[Black "Escobar, Edgar Antonio"]
[Result "1/2-1/2"]
[WhiteElo "1991"]
[BlackElo "1848"]
[PlyCount "63"]
[EventDate "2020.07.11"]
[EventType "swiss"]
[EventRounds "9"]
[EventCountry "NCA"]
[SourceTitle "EXT 2021"]
[Source "ChessBase"]
[SourceDate "2020.10.23"]
[SourceVersion "1"]
[SourceVersionDate "2020.10.23"]
[SourceQuality "1"]

1. e4 e5 2. Nf3 Nf6 3. Bc4 Nxe4 4. Nxe5 d5 5. Bb3 Bd6 6. Nf3 c6 7. d3 Nc5 8. 0-0 0-0 9. Be3 Bg4 10. Bxc5 Bxc5 11. c3 Nd7 12. d4 Bd6 13. Nbd2 Nf6 14. Qc2 Re8 15. Rae1 Ne4 16. h3 Bf5 17. Nxe4 Rxe4 18. Rxe4 Bxe4 19. Qe2 Qf6 20. Nh2 Qf4 21. g3 Qf5 22. Qg4 Re8 23. Qxf5 Bxf5 24. g4 Bd3 25. Rd1 Bc4 26. Bxc4 dxc4 27. Rd2 Bxh2+ 28. Kxh2 Re7 29. Kg3 Kf8 30. Kf3 Ke8 31. Re2 Rxe2 32. Kxe2 1/2-1/2

[Event "Managua Ramirez de Arellano Memorial"]
[Site "Managua"]
[Date "2020.07.19"]
[Round "5"]
[White "Escobar, Edgar Antonio"]
[Black "Picado, Jorge Luis"]
[Result "0-1"]
[WhiteElo "1848"]
[BlackElo "2244"]
[PlyCount "58"]
[EventDate "2020.07.11"]
[EventType "swiss"]
[EventRounds "9"]
[EventCountry "NCA"]
[SourceTitle "EXT 2021"]
[Source "ChessBase"]
[SourceDate "2020.10.23"]
[SourceVersion "1"]
[SourceVersionDate "2020.10.23"]
[SourceQuality "1"]

1. d4 e6 2. c4 f5 3. g3 Nf6 4. Bg2 c6 5. Nf3 d5 6. 0-0 Bd6 7. Nc3 0-0 8. a3 Nbd7 9. b4 Ne4 10. Qc2 a6 11. Rb1 Ndf6 12. Ne5 Bd7 13. f3 Nxc3 14. Qxc3 Be8 15. a4 Rc8 16. Qd3 dxc4 17. Qxc4 Nd5 18. e4 b5 19. Qb3 fxe4 20. fxe4 Rxf1+ 21. Bxf1 Bxe5 22. dxe5 Qb6+ 23. Kg2 Bg6 24. exd5 Be4+ 25. Kh3 Qf2 26. Bg5 cxd5 27. Bd3 Qf5+ 28. Kh4 Bxd3 29. Re1 Rc4+ 0-1

[Event "Managua Ramirez de Arellano Memorial"]
[Site "Managua"]
[Date "2020.07.12"]
[Round "2"]
[White "Cortez Ruiz, Luis Miguel"]
[Black "Escobar, Edgar Antonio"]
[Result "0-1"]
[WhiteElo "1549"]
[BlackElo "1848"]
[PlyCount "48"]
[EventDate "2020.07.11"]
[EventType "swiss"]
[EventRounds "9"]
[EventCountry "NCA"]
[SourceTitle "EXT 2021"]
[Source "ChessBase"]
[SourceDate "2020.10.23"]
[SourceVersion "1"]
[SourceVersionDate "2020.10.23"]
[SourceQuality "1"]

1. d4 Nf6 2. c4 e6 3. Nc3 Bb4 4. Qc2 b6 5. Bg5 Bb7 6. f3 h6 7. Bh4 d5 8. a3 Be7 9. 0-0-0 c5 10. Kb1 0-0 11. g4 cxd4 12. Rxd4 e5 13. Rd1 d4 14. Ne4 Nxe4 15. Bxe7 Nc3+ 16. Qxc3 Qxe7 17. Qb3 Nd7 18. h4 Nc5 19. Qb4 Rad8 20. Rh2 f5 21. Bg2 fxg4 22. fxg4 Bxg2 23. Rxg2 e4 24. Qe1 e3 0-1

[Event "NCA-ch U20"]
[Site "Managua"]
[Date "2020.07.05"]
[Round "8"]
[White "Granados Ortiz, Maria Jose"]
[Black "Escobar, Edgar Antonio"]
[Result "1-0"]
[WhiteElo "1691"]
[BlackElo "1798"]
[PlyCount "79"]
[EventDate "2020.06.20"]
[EventType "tourn"]
[EventRounds "9"]
[EventCountry "NCA"]
[SourceTitle "CBM 197 Extra"]
[Source "ChessBase"]
[SourceDate "2020.09.30"]
[SourceVersion "1"]
[SourceVersionDate "2020.09.30"]
[SourceQuality "1"]

1. e4 e5 2. Nf3 Nf6 3. Nxe5 d6 4. Nf3 Nxe4 5. Be2 d5 6. d3 Nd6 7. Nc3 Nf5 8. d4 Be7 9. 0-0 0-0 10. Bf4 Be6 11. a3 Bf6 12. Ne5 c5 13. Nf3 Nc6 14. Qd2 Re8 15. dxc5 d4 16. Nb5 Rc8 17. Nd6 Nxd6 18. cxd6 Qb6 19. Bc4 Bxc4 20. d7 Bxf1 21. dxe8Q+ Rxe8 22. Kxf1 Ne5 23. Nxe5 Bxe5 24. Bxe5 Rxe5 25. b3 Qe6 26. Re1 Rxe1+ 27. Qxe1 Qxe1+ 28. Kxe1 Kf8 29. Ke2 Ke7 30. Kd3 Kd6 31. Kxd4 a5 32. Kc4 Kc6 33. a4 g5 34. c3 f5 35. b4 h5 36. bxa5 h4 37. Kb4 g4 38. g3 f4 39. gxh4 g3 40. hxg3 1-0

[Event "NCA-ch U20"]
[Site "Managua"]
[Date "2020.06.27"]
[Round "2"]
[White "Escobar, Edgar Antonio"]
[Black "Espinoza Solano, Jose Nahum"]
[Result "0-1"]
[WhiteElo "1798"]
[BlackElo "2184"]
[PlyCount "50"]
[EventDate "2020.06.20"]
[EventType "tourn"]
[EventRounds "9"]
[EventCountry "NCA"]
[SourceTitle "CBM 197 Extra"]
[Source "ChessBase"]
[SourceDate "2020.09.30"]
[SourceVersion "1"]
[SourceVersionDate "2020.09.30"]
[SourceQuality "1"]

1. d4 Nf6 2. c4 e5 3. dxe5 Ng4 4. e6 Bb4+ 5. Bd2 Bxd2+ 6. Qxd2 fxe6 7. Nc3 0-0 8. f3 Nf6 9. 0-0-0 Nc6 10. e4 e5 11. Nge2 d6 12. Nd5 Be6 13. h4 a5 14. g4 Nd7 15. Qc3 Nc5 16. Bg2 Nb4 17. Kb1 c6 18. Ne3 Qc7 19. Nf5 d5 20. cxd5 cxd5 21. exd5 Nxd5 22. Qa3 Nb4 23. Nc1 Bxf5+ 24. gxf5 Ncd3 25. Qxd3 Nxd3 0-1